Top 10 Tallest Buildings in the United States - Statistics

General Stats
  • This quiz has been taken 27 times
  • The average score is 4 of 10
Answer Stats
Height Building % Correct
541 m One World Trade Center
96%
381 m Empire State Building
88%
442 m Willis Tower
79%
423 m Trump International Hotel and Tower
54%
472 m Central Park Tower
33%
426 m 432 Park Avenue
21%
435 m 111 West 57th Street
17%
387 m 30 Hudson Yards
13%
427 m One Vanderbilt
13%
423 m 270 Park Avenue
8%
No matching quizzes found
Score Distribution
Percent of People with Each Score
Percentile by Number Answered
Your Score History
You have not taken this quiz